000
00314nam a22001457a 4500
008
230418b ||||| |||| 00| 0 eng d
020
_a
9781579549985
041
_a
eng
080
_a
615.83
082
_a
615.83ZIN
100
_a
16
101
_a
NUTRI
245
_a
THE ABS DIET
_c
ZINCZENKO.D
942
_2
udc
_c
BK
999
_c
59590
_d
59590